Metallica Lyrics – #30: Harvester of Sorrow - Statistics

General Stats
  • This quiz has been taken 18 times
  • The average score is 64 of 115
Answer Stats
Answer % Correct
Harvester
100%
of
100%
sorrow
100%
I
92%
My
92%
my
92%
the
92%
to
83%
To
83%
you
83%
be
75%
in
75%
Language
75%
life
75%
see
75%
mad
67%
me
67%
forsake
58%
hate
58%
into
58%
lie
58%
onto
58%
suffer
58%
take
58%
that
58%
this
58%
You'll
58%
All
50%
Anger,
50%
beyond
50%
eyes
50%
fate
50%
give,
50%
is
50%
misery
50%
Planting
50%
seeds
50%
suffocates
50%
Your
50%
youth
50%
Been
42%
begin
42%
cheated
42%
far
42%
lies
42%
truth
42%
up,
42%
where
42%
back
33%
beatings
33%
Distributor
33%
find
33%
have
33%
Let
33%
nightmares
33%
pain
33%
prayers
33%
said
33%
their
33%
Trapped
33%
turned
33%
used
33%
You've
33%
becomes
25%
clear
25%
done
25%
Drink
25%
gain
25%
Get
25%
getting
25%
here
25%
Invade
25%
I've
25%
loss
25%
loved,
25%
murder
25%
shoot
25%
Try
25%
work
25%
black
17%
Infanticide
17%
looking
17%
Pure
17%
soon
17%
which
17%
No matching quizzes found
Score Distribution
Percent of People with Each Score
Percentile by Number Answered
Your Score History
You have not taken this quiz